|
|
|
|
| LEADER |
01873nam a2200529 a 4500 |
| 001 |
nkc20152690234 |
| 003 |
CZ PrNK |
| 005 |
20150511121631.0 |
| 007 |
ta |
| 008 |
150331s2015 xr e 000 0dcze |
| 015 |
|
|
|a cnb002690234
|
| 020 |
|
|
|a 978-80-905970-0-6
|q (váz.)
|
| 035 |
|
|
|a (OCoLC)908822387
|
| 040 |
|
|
|a OLA001
|b cze
|
| 041 |
1 |
|
|a cze
|h eng
|
| 072 |
|
7 |
|a 2-23/-27
|x Bible. Biblistika
|2 Konspekt
|9 5
|
| 080 |
|
|
|a 27-246
|2 MRF
|
| 080 |
|
|
|a 27-232/-236
|2 MRF
|
| 080 |
|
|
|a 27-277.2
|2 MRF
|
| 080 |
|
|
|a 27-1/-9
|2 MRF
|
| 080 |
|
|
|a (0.072)
|2 MRF
|
| 100 |
1 |
|
|a MacDonald, William,
|d 1917-2007
|7 mzk2006343353
|4 aut
|
| 245 |
1 |
0 |
|a Biblický komentář k Novému zákonu /
|c William MacDonald ; [překlad Marie Černínová ... et al.]
|
| 250 |
|
|
|a Vyd. 1.
|
| 260 |
|
|
|a Brno :
|b Křesťanské sbory,
|c 2015
|
| 300 |
|
|
|a 1118 s. ;
|c 25 cm
|
| 500 |
|
|
|a Přeloženo z angličtiny
|
| 504 |
|
|
|a Obsahuje bibliografie
|
| 630 |
0 |
7 |
|a Bible.
|p Nový zákon
|7 unn2006374670
|2 czenas
|
| 630 |
0 |
9 |
|a Bible.
|p New Testament
|2 eczenas
|
| 650 |
0 |
7 |
|a biblické texty
|7 ph118860
|2 czenas
|
| 650 |
0 |
7 |
|a biblická exegeze
|7 ph118844
|2 czenas
|
| 650 |
0 |
7 |
|a křesťanské učení
|7 ph122129
|2 czenas
|
| 650 |
0 |
9 |
|a Biblical texts
|2 eczenas
|
| 650 |
0 |
9 |
|a Biblical exegesis
|2 eczenas
|
| 650 |
0 |
9 |
|a Christian doctrine
|2 eczenas
|
| 655 |
|
7 |
|a komentáře
|7 fd132578
|2 czenas
|
| 655 |
|
9 |
|a commentaries
|2 eczenas
|
| 700 |
1 |
|
|a Indráková, Marie,
|d 1986-
|7 xx0178467
|4 trl
|
| 765 |
0 |
|
|t Believers's Bible commentary
|9 Česky
|
| 787 |
0 |
|
|s Bible. Nový zákon
|
| 910 |
2 |
|
|a BOA001
|b 2-1345.442
|
| 990 |
|
|
|a BK
|
| 995 |
|
|
|a 01
|
| 991 |
|
|
|b 201504
|c NOV
|e n
|
| 996 |
6 |
|
|b 2610628865
|c 2-1345.442
|l MZK
|r Sklad / do 1 hodiny
|n 0
|p p.v.
|w 001499740
|u 000010
|a 1
|e BOA001
|j MZK50
|s P
|
| 996 |
7 |
|
|b 2610628866
|c 2-1345.442
|l Vol.výběr
|r VV 0p
|n 24
|p p.v.
|h 2-23/-27 MAC
|w 001499740
|u 000020
|a 0
|e BOA001
|j MZK50
|s A
|